[Event "SUI-chT"]
[Site "Switzerland"]
[Date "2024.08.25"]
[Round "7.6"]
[White "Seitz, Patrick"]
[Black "Mutschnik, Illya"]
[Result "0-1"]
[WhiteElo "2129"]
[BlackElo "2377"]
[PlyCount "72"]
[EventDate "2024.03.10"]
[EventType "team-tourn"]
[EventRounds "9"]
[EventCountry "SUI"]
[SourceTitle "EXT 2025"]
[Source "ChessBase"]
[SourceDate "2024.10.14"]
[SourceVersion "1"]
[SourceVersionDate "2024.10.14"]
[SourceQuality "1"]
[WhiteTeam "Bodan"]
[BlackTeam "Zuerich"]
[WhiteTeamCountry "SUI"]
[BlackTeamCountry "SUI"]

1. d4 Nf6 2. c4 g6 3. Nc3 Bg7 4. e4 0-0 5. h3 d6 6. Be3 e5 7. d5 Na6 8. g4 Nc5 9. f3 c6 10. Qd2 cxd5 11. cxd5 Nfd7 12. h4 f5 13. h5 fxe4 14. fxe4 Nb6 15. Be2 Bd7 16. hxg6 hxg6 17. Nf3 Rc8 18. Ng5 Nba4 19. Nxa4 Nxa4 20. Bd1 Nc5 21. b4 Rf4 22. Bxf4 exf4 23. bxc5 Qxg5 24. Rc1 dxc5 25. Bf3 Qe5 26. Qa5 c4 27. Qd2 b5 28. Kf2 a5 29. Rhd1 b4 30. d6 Rc5 31. Qe2 c3 32. Qa6 a4 33. Qa7 c2 34. Rd2 Qc3 35. Rcxc2 Bd4+ 36. Ke1 Qe3+ 0-1

[Event "SUI-chT"]
[Site "Switzerland"]
[Date "2024.04.14"]
[Round "2.8"]
[White "Seitz, Patrick"]
[Black "Kienboeck, Benjamin"]
[Result "1-0"]
[WhiteElo "2129"]
[BlackElo "2219"]
[PlyCount "125"]
[EventDate "2024.03.10"]
[EventType "team-tourn"]
[EventRounds "9"]
[EventCountry "SUI"]
[SourceTitle "CBM 220 Extra"]
[Source "ChessBase"]
[SourceDate "2024.07.31"]
[SourceVersion "1"]
[SourceVersionDate "2024.07.31"]
[SourceQuality "1"]
[WhiteTeam "Bodan"]
[BlackTeam "Winterthur"]
[WhiteTeamCountry "SUI"]
[BlackTeamCountry "SUI"]

1. e4 c6 2. d4 d5 3. exd5 cxd5 4. c4 Nf6 5. Nc3 g6 6. cxd5 Nxd5 7. Qb3 Nb6 8. Bb5+ Bd7 9. Nf3 Bg7 10. Ne5 0-0 11. Nxd7 N8xd7 12. Be3 Nf6 13. 0-0 Nfd5 14. Rad1 Nxe3 15. fxe3 e6 16. Rf3 Qe7 17. e4 e5 18. d5 Qc5+ 19. Kh1 Nc8 20. Bd3 Qe7 21. Bc2 a6 22. d6 Nxd6 23. Qb4 Nf5 24. Qxe7 Nxe7 25. Rd7 Nc6 26. Bb3 Kh8 27. Rfxf7 Rxf7 28. Bxf7 Rf8 29. g3 b5 30. Bd5 Nd4 31. Ra7 b4 32. Na4 Bh6 33. Kg2 Be3 34. Ra8 Kg7 35. Rxf8 Kxf8 36. Nc5 Ke7 37. Nxa6 b3 38. Bxb3 Bc1 39. Nc5 Bxb2 40. Nd3 Bc3 41. Bg8 Kf6 42. Bxh7 Kg7 43. Bxg6 Kxg6 44. Nxe5+ Kf6 45. Nc4 Nc6 46. h4 Be1 47. Kf3 Nd4+ 48. Kg2 Nc6 49. a4 Ke6 50. Kf3 Nd4+ 51. Kg4 Nc6 52. h5 Kf6 53. Kf4 Nd4 54. e5+ Ke6 55. h6 Kf7 56. a5 Nc6 57. a6 Bf2 58. Ne3 Be1 59. g4 Bb4 60. g5 Bc5 61. Nf5 Kg6 62. e6 Ba3 63. e7 1-0

[Event "Deizisau Autumn op 17th"]
[Site "Deizisau"]
[Date "2023.10.28"]
[Round "2"]
[White "Seitz, Patrick"]
[Black "Rudolf, Marc"]
[Result "1-0"]
[WhiteElo "2221"]
[BlackElo "1906"]
[PlyCount "81"]
[EventDate "2023.10.27"]
[EventType "swiss"]
[EventRounds "7"]
[EventCountry "GER"]
[SourceTitle "CBM 216 Extra"]
[Source "ChessBase"]
[SourceDate "2023.11.30"]
[SourceVersion "1"]
[SourceVersionDate "2023.11.30"]
[SourceQuality "1"]

1. e4 c5 2. Nf3 d6 3. d4 cxd4 4. Nxd4 Nf6 5. Nc3 a6 6. Be3 e5 7. Nb3 Be6 8. f3 d5 9. exd5 Nxd5 10. Nxd5 Qxd5 11. Qxd5 Bxd5 12. 0-0-0 Be6 13. Nc5 Bxc5 14. Bxc5 Nd7 15. Bd6 Rc8 16. b3 Rc6 17. Kb2 b5 18. g4 f6 19. Bg2 Nb6 20. f4 Bd5 21. Rxd5 Nxd5 22. fxe5 fxe5 23. Bxe5 Rxc2+ 24. Kxc2 Ne3+ 25. Kd3 Nxg2 26. Rg1 Nh4 27. Bxg7 Rg8 28. Bf6 Nf3 29. Rg3 Nxh2 30. g5 h5 31. Ke4 Ng4 32. Kf5 Kd7 33. Rd3+ Kc6 34. Rh3 Re8 35. Rxh5 Nxf6 36. gxf6 Re2 37. f7 Rxa2 38. Kg6 Rg2+ 39. Kf6 a5 40. f8Q Rf2+ 41. Rf5 1-0

[Event "Pardubice Czech op-A 34th"]
[Site "Pardubice"]
[Date "2023.07.29"]
[Round "9"]
[White "Audi, Ameya"]
[Black "Seitz, Patrick"]
[Result "0-1"]
[WhiteElo "2391"]
[BlackElo "2208"]
[PlyCount "88"]
[EventDate "2023.07.21"]
[EventType "swiss"]
[EventRounds "9"]
[EventCountry "CZE"]
[SourceTitle "CBM 215 Extra"]
[Source "ChessBase"]
[SourceDate "2023.09.30"]
[SourceVersion "1"]
[SourceVersionDate "2023.09.30"]
[SourceQuality "1"]

1. e4 e5 2. Nf3 Nc6 3. Bc4 Bc5 4. 0-0 Nf6 5. d3 d6 6. c3 a6 7. a4 h6 8. Re1 0-0 9. Nbd2 Ba7 10. h3 Be6 11. Bxe6 fxe6 12. Nf1 Qe8 13. Be3 Bxe3 14. Rxe3 Nh5 15. g3 Qf7 16. N1h2 d5 17. Qf1 d4 18. Re2 b5 19. Rc2 Qd7 20. Qd1 Nf6 21. cxd4 Nxd4 22. Nxe5 Qd6 23. Ng6 Nxc2 24. Qxc2 Nd7 25. Nxf8 Rxf8 26. axb5 axb5 27. d4 Qxd4 28. Ng4 h5 29. Ne3 Ne5 30. Rd1 Nf3+ 31. Kg2 Qf6 32. Rf1 c5 33. Qe2 c4 34. h4 Qg6 35. Nf5 exf5 36. Qxf3 fxe4 37. Qe3 Qf5 38. Qd4 Qf3+ 39. Kg1 e3 40. Qc5 Rf5 41. Qb6 b4 42. Qd4 Kh7 43. Kh2 Qxf2+ 44. Rxf2 exf2 0-1

[Event "Oberliga Wuerttemberg 2223"]
[Site "Wuerttemberg"]
[Date "2023.02.05"]
[Round "6.5"]
[White "Stukenbrok, Nils"]
[Black "Seitz, Patrick"]
[Result "0-1"]
[WhiteElo "2078"]
[BlackElo "2218"]
[PlyCount "76"]
[EventDate "2022.09.18"]
[EventType "team-tourn"]
[EventRounds "9"]
[EventCountry "GER"]
[SourceTitle "EXT 2025"]
[Source "ChessBase"]
[SourceDate "2024.10.14"]
[SourceVersion "1"]
[SourceVersionDate "2024.10.14"]
[SourceQuality "1"]
[WhiteTeam "Schoenaich II"]
[BlackTeam "Boeblingen"]
[WhiteTeamCountry "GER"]
[BlackTeamCountry "GER"]

1. d4 Nf6 2. c4 g6 3. g3 Bg7 4. Bg2 0-0 5. Nc3 d6 6. Nf3 a6 7. 0-0 Nc6 8. Qd3 e5 9. d5 Ne7 10. e4 h6 11. c5 Nd7 12. cxd6 cxd6 13. b4 f5 14. Nd2 f4 15. Nc4 Nb6 16. Na5 g5 17. f3 Ng6 18. g4 Rf7 19. Bd2 Nd7 20. Nc4 Nf6 21. h3 h5 22. Be1 Bf8 23. Bf2 hxg4 24. hxg4 Nxg4 25. fxg4 Bxg4 26. Bb6 Qc8 27. Nd2 f3 28. Nxf3 Nf4 29. Qd2 Qxc3 30. Qxc3 Ne2+ 31. Kf2 Nxc3 32. Ke3 Bh6 33. Kd3 Nxe4 34. Nxe5 dxe5 35. Rxf7 Kxf7 36. Bxe4 Bd7 37. Rf1+ Kg7 38. Bc7 Bb5+ 0-1

[Event "Prague Summer op 9th"]
[Site "Prague"]
[Date "2022.08.07"]
[Round "4"]
[White "Sarkar, Justin"]
[Black "Seitz, Patrick"]
[Result "1-0"]
[WhiteElo "2352"]
[BlackElo "2165"]
[PlyCount "53"]
[EventDate "2022.08.05"]
[EventType "swiss"]
[EventRounds "9"]
[EventCountry "CZE"]
[SourceTitle "CBM 209 Extra"]
[Source "ChessBase"]
[SourceDate "2022.09.30"]
[SourceVersion "1"]
[SourceVersionDate "2022.09.30"]
[SourceQuality "1"]

1. d4 Nf6 2. c4 c5 3. d5 e6 4. Nc3 exd5 5. cxd5 d6 6. Nf3 g6 7. Nd2 Bg7 8. e4 0-0 9. Be2 b6 10. 0-0 Qe7 11. Re1 Nfd7 12. Bf1 Ba6 13. Bxa6 Nxa6 14. Nc4 Ne5 15. Nxe5 Bxe5 16. f4 Bg7 17. e5 Rad8 18. Nb5 dxe5 19. fxe5 Bxe5 20. Bf4 f6 21. d6 Qe6 22. a3 Nb8 23. Nc7 Qxd6 24. Qb3+ Rf7 25. Bxe5 fxe5 26. Ne6 Qd5 27. Rad1 1-0

[Event "BL2-Sued 2122"]
[Site "Germany"]
[Date "2022.07.02"]
[Round "9.2"]
[White "Seitz, Patrick"]
[Black "Bosiocic, Marin"]
[Result "0-1"]
[WhiteElo "2171"]
[BlackElo "2542"]
[PlyCount "127"]
[EventDate "2022.03.05"]
[EventType "team-tourn"]
[EventRounds "10"]
[EventCountry "GER"]
[SourceTitle "EXT 2023"]
[Source "ChessBase"]
[SourceDate "2022.10.05"]
[SourceVersion "1"]
[SourceVersionDate "2022.10.05"]
[SourceQuality "1"]
[WhiteTeam "Boeblingen"]
[BlackTeam "Schoenaich"]
[WhiteTeamCountry "GER"]
[BlackTeamCountry "GER"]

1. e4 c5 2. Nf3 Nc6 3. d4 cxd4 4. Nxd4 Nf6 5. Nc3 e5 6. Ndb5 d6 7. Bg5 a6 8. Na3 b5 9. Nd5 Be7 10. Bxf6 Bxf6 11. c3 Bg5 12. Nc2 0-0 13. a4 bxa4 14. Rxa4 a5 15. Bd3 Be6 16. Bc4 Rb8 17. b3 Ne7 18. Nxe7+ Qxe7 19. 0-0 Bxc4 20. bxc4 Qc7 21. Na3 Rb2 22. Nb5 Qc5 23. g3 Rd2 24. Qf3 Bd8 25. Rd1 Rxd1+ 26. Qxd1 Bb6 27. Qd2 f5 28. Qd5+ Kh8 29. Ra2 Qxd5 30. exd5 Rd8 31. Kg2 g6 32. c5 dxc5 33. c4 e4 34. f3 exf3+ 35. Kxf3 Rb8 36. Re2 Kg7 37. Re7+ Kf6 38. Re6+ Kf7 39. Kf4 Bd8 40. Ke5 Ra8 41. Kd6 a4 42. Re3 Bg5 43. Ra3 Bc1 44. Ra2 a3 45. Kxc5 Bb2 46. d6 g5 47. Kd5 f4 48. gxf4 gxf4 49. Ke4 Ra4 50. Kxf4 Rxc4+ 51. Ke3 Rh4 52. Kf3 Rb4 53. Nc7 Rb6 54. d7 Rb3+ 55. Ke2 Bf6 56. Ne8 Be7 57. Nd6+ Ke6 58. Rd2 Rb2 59. Ne4 Rxd2+ 60. Nxd2 Kxd7 61. Kd3 a2 62. Nb3 Ke6 63. Kc2 Bf6 64. Na1 0-1

[Event "BL2-Sued 2122"]
[Site "Germany"]
[Date "2022.05.15"]
[Round "6.4"]
[White "Seitz, Patrick"]
[Black "Kantans, Toms"]
[Result "0-1"]
[WhiteElo "2180"]
[BlackElo "2484"]
[PlyCount "34"]
[EventDate "2022.03.05"]
[EventType "team-tourn"]
[EventRounds "10"]
[EventCountry "GER"]
[SourceTitle "EXT 2023"]
[Source "ChessBase"]
[SourceDate "2022.10.05"]
[SourceVersion "1"]
[SourceVersionDate "2022.10.05"]
[SourceQuality "1"]
[WhiteTeam "Boeblingen"]
[BlackTeam "Speyer Schwegenheim"]
[WhiteTeamCountry "GER"]
[BlackTeamCountry "GER"]

1. e4 c5 2. Nf3 e6 3. d4 cxd4 4. Nxd4 Nc6 5. Nc3 Qc7 6. Be2 a6 7. 0-0 Nf6 8. a4 Bb4 9. Nxc6 bxc6 10. Qd4 Bd6 11. f4 e5 12. Qf2 exf4 13. Bc4 Ng4 14. Qh4 h5 15. e5 Be7 16. Qe1 g5 17. Kh1 Qxe5 0-1

[Event "Pardubice Kraj op-G"]
[Site "Pardubice"]
[Date "2020.09.24"]
[Round "8"]
[White "Bouska, Jiri"]
[Black "Seitz, Patrick"]
[Result "1-0"]
[WhiteElo "1628"]
[BlackElo "2042"]
[PlyCount "65"]
[EventDate "2020.09.23"]
[EventType "swiss (rapid)"]
[EventRounds "9"]
[EventCountry "CZE"]
[SourceTitle "CBM 198 Extra"]
[Source "ChessBase"]
[SourceDate "2020.11.30"]
[SourceVersion "1"]
[SourceVersionDate "2020.11.30"]
[SourceQuality "1"]

1. d4 Nf6 2. c4 g6 3. Nc3 Bg7 4. g3 d6 5. Bg2 Nc6 6. Nf3 0-0 7. 0-0 e5 8. Bg5 h6 9. Bxf6 Bxf6 10. dxe5 Nxe5 11. Nxe5 Bxe5 12. Qd2 Bg7 13. Rfd1 Re8 14. e3 Rb8 15. h3 Bd7 16. c5 Qc8 17. cxd6 cxd6 18. Ne4 Bxh3 19. Nxd6 Qg4 20. Nxe8 Rxe8 21. Bxh3 Qxh3 22. Qd7 Re6 23. Rd5 h5 24. Rc1 h4 25. Qd8+ Kh7 26. Qxh4+ Qxh4 27. gxh4 Bxb2 28. Rb1 Bf6 29. Rxb7 Kg7 30. Rdd7 Bxh4 31. Rxf7+ Kh6 32. Rh7+ Kg5 33. Rb5+ 1-0

[Event "Pardubice Kraj op-G"]
[Site "Pardubice"]
[Date "2020.09.24"]
[Round "6"]
[White "Lizak, Peter"]
[Black "Seitz, Patrick"]
[Result "1-0"]
[WhiteElo "2417"]
[BlackElo "2042"]
[PlyCount "71"]
[EventDate "2020.09.23"]
[EventType "swiss (rapid)"]
[EventRounds "9"]
[EventCountry "CZE"]
[SourceTitle "CBM 198 Extra"]
[Source "ChessBase"]
[SourceDate "2020.11.30"]
[SourceVersion "1"]
[SourceVersionDate "2020.11.30"]
[SourceQuality "1"]

1. d4 Nf6 2. Nc3 d5 3. Bf4 g6 4. e3 Bg7 5. h4 h6 6. Nf3 Bg4 7. Qd2 Bxf3 8. gxf3 Nbd7 9. Nb5 0-0 10. Bxc7 Qc8 11. Bh2 a6 12. Nc3 Nb6 13. Be5 Qd7 14. Bd3 Rac8 15. b3 Qc6 16. Ne2 Nbd7 17. f4 b5 18. f3 Nxe5 19. fxe5 Nd7 20. f4 f6 21. Rg1 fxe5 22. fxe5 g5 23. hxg5 Nxe5 24. dxe5 Bxe5 25. Nd4 Qb6 26. gxh6+ Kh8 27. 0-0-0 Qc5 28. Qg2 Rg8 29. Qh3 Bxd4 30. exd4 Qxd4 31. Rxg8+ Rxg8 32. h7 Rf8 33. Kb1 e5 34. Qh6 Qc5 35. Qg5 Qc7 36. Rg1 1-0

[Event "Pardubice Kraj op-G"]
[Site "Pardubice"]
[Date "2020.09.23"]
[Round "2"]
[White "Seitz, Patrick"]
[Black "Brozka, Karel"]
[Result "1-0"]
[WhiteElo "2042"]
[BlackElo "1800"]
[PlyCount "113"]
[EventDate "2020.09.23"]
[EventType "swiss (rapid)"]
[EventRounds "9"]
[EventCountry "CZE"]
[SourceTitle "CBM 198 Extra"]
[Source "ChessBase"]
[SourceDate "2020.11.30"]
[SourceVersion "1"]
[SourceVersionDate "2020.11.30"]
[SourceQuality "1"]

1. e4 d5 2. exd5 Qxd5 3. d4 Nf6 4. Nf3 Bg4 5. Be2 a6 6. 0-0 e6 7. c4 Qd6 8. h3 Bh5 9. Nc3 Nc6 10. d5 Bxf3 11. Bxf3 Ne5 12. dxe6 Qxd1 13. exf7+ Kxf7 14. Bxd1 Bb4 15. Nd5 Nxd5 16. cxd5 Rhf8 17. Bf4 Bd6 18. Bb3 Rae8 19. Bg3 g6 20. Rfe1 Nd3 21. Rxe8 Rxe8 22. Rd1 Nc5 23. Rc1 Nxb3 24. axb3 Bxg3 25. fxg3 Re7 26. Kf2 Kf6 27. Kf3 h6 28. g4 g5 29. g3 Kg6 30. h4 Kf6 31. Rc3 a5 32. Rc4 Kf7 33. Rc5 Ke8 34. Rxa5 Re5 35. Ra8+ Kf7 36. Rc8 Rxd5 37. Rxc7+ Kf6 38. hxg5+ hxg5 39. Rxb7 Rd3+ 40. Ke4 Rd6 41. b4 Re6+ 42. Kf3 Rd6 43. b3 Rc6 44. Rb5 Rc3+ 45. Ke4 Rc6 46. Rf5+ Kg6 47. Rc5 Re6+ 48. Re5 Rb6 49. b5 Kf6 50. Rf5+ Kg6 51. Rc5 Re6+ 52. Re5 Rb6 53. Kd4 Rf6 54. Re3 Kf7 55. Kc5 Rf2 56. b6 Rc2+ 57. Kb5 1-0

[Event "Pardubice Kraj op-G"]
[Site "Pardubice"]
[Date "2020.09.23"]
[Round "1"]
[White "Voldanova, Barbora"]
[Black "Seitz, Patrick"]
[Result "0-1"]
[WhiteElo "1506"]
[BlackElo "2042"]
[PlyCount "94"]
[EventDate "2020.09.23"]
[EventType "swiss (rapid)"]
[EventRounds "9"]
[EventCountry "CZE"]
[SourceTitle "CBM 198 Extra"]
[Source "ChessBase"]
[SourceDate "2020.11.30"]
[SourceVersion "1"]
[SourceVersionDate "2020.11.30"]
[SourceQuality "1"]

1. d4 Nf6 2. e3 b6 3. Bc4 Bb7 4. Nf3 g6 5. b3 Bg7 6. Bb2 0-0 7. 0-0 Ne4 8. Nbd2 e6 9. Nxe4 Bxe4 10. Bd3 Bb7 11. Re1 Nc6 12. a3 f5 13. Bb5 Ne7 14. Qd2 Nd5 15. Ne5 d6 16. Nf3 Nf6 17. Qd1 Ne4 18. Bd3 Ng5 19. Be2 f4 20. Nxg5 Qxg5 21. Bf3 fxe3 22. Rxe3 Bxf3 23. Rxf3 a5 24. b4 c5 25. bxc5 bxc5 26. Rxf8+ Rxf8 27. Rb1 Qf5 28. f3 cxd4 29. Bxd4 Bxd4+ 30. Qxd4 Qxc2 31. Rd1 Rd8 32. Qd2 Qxd2 33. Rxd2 d5 34. Kf2 Kf7 35. Ke3 Rb8 36. g4 Rb3+ 37. Rd3 Rxd3+ 38. Kxd3 e5 39. h3 g5 40. a4 Kg6 41. Ke3 h5 42. Kd3 hxg4 43. hxg4 Kf6 44. Ke3 Ke6 45. Kd3 Kd6 46. Kc3 Kc5 47. Kd3 Kb4 0-1